000 00576nam a22001937a 4500
003 OSt
008 260429b |||||||| |||| 00| 0 eng d
082 _a635.648
_bS48M
100 _aSingh, Rajiv Ranjan.
245 _aManifestation of Heterosis and Resistance to YVM in Okra (Abelmoschus esculentus L. Moench.) /
_cby Rajiv Ranjan Singh
260 _a.- Sabour, Bhagalpur
_b: Bihar Agricultural College, RAU
_c, 1993
300 _a130p.
502 _bPh. D.
_d1993
650 _aHorticulture
650 _aOkra
650 _aThesis
650 _aPh. D.
942 _2ddc
_cT
999 _c50308
_d50308